书目信息 |
| 题名: |
解读巴塞尔新资本协议
|
|
| 作者: | 章彰 著 | |
| 分册: | ||
| 出版信息: | 北京 中国经济出版社 2005 |
|
| 页数: | 227页 | |
| 开本: | 22cm | |
| 丛书名: | ||
| 单 册: | ||
| 中图分类: | F831.2 | |
| 科图分类: | ||
| 主题词: | 国际清算银行--协议--研究 | |
| 电子资源: | ||
| ISBN: | 7-5017-6756-4 | |
| 000 | 01173nam0 2200325 450 | |
| 000 | 01136nam0 2200313 450 | |
| 000 | 01100nam0 2200301 450 | |
| 000 | 01099nam0 2200313 450 | |
| 000 | 01045nam0 2200289 450 | |
| 000 | 01063nam0 2200277 450 | |
| 000 | 01026nam0 2200265 45 | |
| 001 | 012000016112 | |
| 005 | 20061210153226.70 | |
| 010 | @a7-5017-6756-4@dCNY29.80 | |
| 100 | @a20060925d2005 em y0chiy0121 ea | |
| 101 | 0 | @achi |
| 102 | @aCN@b110000 | |
| 105 | @af z 000yy | |
| 200 | 1 | @a解读巴塞尔新资本协议@AJie Dou Ba Sai Er Xin Zi Ben Xie Yi@f章彰著@FZhang Zhang Zhu |
| 210 | @a北京@c中国经济出版社@d2005 | |
| 215 | @a227页@c照片,图表@d22cm | |
| 330 | @a本书以巴塞尔新资本协议精神为指导,通过对其主要内容的梳理,又结合国内商业银行的实践,积极探索如何在国内商业银行建立起符合新资本协议精神的风险管理体系。 | |
| 510 | 1 | @aUnderstanding the New Basel Accord@zeng |
| 606 | @a国际清算银行@x协议@x研究 | |
| 690 | @aF831.2@v4 | |
| 701 | 0 | @a章彰@AZhang Zhang@4著 |
| 801 | 0 | @aCN@b中图数据@c20061210 |
| 905 | @a10447@dF831.2@e19 | |
| 解读巴塞尔新资本协议/章彰著.-北京:中国经济出版社,2005 |
| 227页:照片,图表;22cm |
| ISBN 7-5017-6756-4:CNY29.80 |
| 本书以巴塞尔新资本协议精神为指导,通过对其主要内容的梳理,又结合国内商业银行的实践,积极探索如何在国内商业银行建立起符合新资本协议精神的风险管理体系。 |
| ● |
| 相关链接 |
|
|
|
|
正题名:解读巴塞尔新资本协议
索取号:F831.2/19
 
预约/预借
| 序号 | 登录号 | 条形码 | 馆藏地/架位号 | 状态 | 备注 |
| 1 | 0612237 | 206122373 | 第一样本阅览室/ [索取号:F831.2/19] | 在馆 | |
| 2 | 0612238 | 206122382 | 第一借阅区/ [索取号:F831.2/19] | 在馆 | |
| 3 | 0612239 | 206122391 | 第一借阅区/ [索取号:F831.2/19] | 在馆 | |
| 4 | 0612240 | 206122408 | 第一借阅区/ [索取号:F831.2/19] | 在馆 | |
| 5 | 0612241 | 206122417 | 第一借阅区/ [索取号:F831.2/19] | 在馆 |